| 000 | 00495nam a2200157Ia 4500 | ||
|---|---|---|---|
| 008 | 210716s2011 xx 000 0 und d | ||
| 020 | _a9788173717376 | ||
| 041 | _aeng | ||
| 082 | _a658.4006 BHAS | ||
| 100 | _aBhattacharyya, Sanghamitra. | ||
| 245 |
_aIntroduction to organization theory: structure and design of organizations. _bStructure and design of organizations. |
||
| 250 | _a1 | ||
| 260 |
_aNew Delhi _bUniversities Press _c2011 |
||
| 300 | _aix,198 | ||
| 650 | _aOrganization Design | ||
| 999 |
_c210159 _d210159 |
||